000
00342 a2200121 4500
001
ART_12959
005
20260410161734.0
008
260409a
245
1
0
_a
Reforma impositiva
100
1
_a
San Martín, Jorge A.
700
1
_a
Cravino, Daniel
773
0
_t
Ejecutivos de finanzas
_g
- Año 8, Nº 77 (jul. 1991)
_w
REV2863
999
_c
18147
_d
18147